| 000 | 00491cam a2200193 i 4500 | ||
|---|---|---|---|
| 020 | _a2704008361 | ||
| 040 | _cDLC | ||
| 082 | 0 | 0 | _a574 WAL 1996 C260 Or. |
| 100 | _aWALLACH.J. | ||
| 245 | 1 | 0 | _aManipulations d'analyse biochimique / |
| 260 |
_aParis : _bDoin, _c1996. |
||
| 300 |
_ax, 274 p. : _bill. ; _c24 cm. |
||
| 490 | 0 | _aBiologie appliquée | |
| 650 | 0 | _aBiochemistry | |
| 650 | 0 | _aAnalytical chemistry. | |
| 700 | 1 | _aFigarella, Jean, | |
| 700 | 1 | _aZonszain, F., | |
| 942 | _cAEDBB | ||
| 999 |
_c22295 _d22295 |
||